Pennsylvania Borders Minefield Quiz Stats

 Plays Quiz Updated Jan 10, 2018

Also try: US States
Challenge
Share
Tweet
Embed
Score 0/6 Timer 00:30
12 Plays Today
% Correct
???
88%
???
79.4%
???
72.2%
???
71.2%
???
66.5%
???
50.4%

You're not logged in!

Compare scores with friends on all Sporcle quizzes.
OR
Log In

You Might Also Like...

Show Comments

Extras

Top Quizzes Today


Score Distribution

Your Account Isn't Verified!

In order to create a playlist on Sporcle, you need to verify the email address you used during registration. Go to your Sporcle Settings to finish the process.

Report this User

Report this user for behavior that violates our Community Guidelines.

Details: